Normal view
MARC view
- Aragón y Herreros, José de
Entry Nombre Personal
001 - NUMERO DE CONTROL
- campo de control: 52261
003 - IDENTIFICADOR DE NUMERO DE CONTROL
- campo de control: MX-MxUPN
005 - FECHA Y HORA DE LA ÜLTIMA TRANSACCIÓN
- campo de control: 20240606140037.0
008 - DATOS DE LONGITUD FIJA
- campo de control de longitud fija: 240606|| acn||aabn | aaa d
040 ## - FUENTE DE CATALOGACIÓN
- Agencia original de catalogación: MX-MxUPN
- Lenguaje de catalogación: spa
100 1# - ENCABEZAMIENTO - NOMBRE PERSONAL
- Nombre personal: Aragón y Herreros, José de
370 ## - LUGAR ASOCIADO
- Fuente del término: $naf
- Associated country: Bilbao (España)
374 ## - OCUPACIÓN
- Occupation: Profesor
670 ## - FUENTE EN LA QUE SE LOCALIZARON DATOS
- Cita de la fuente: La escritura al dictado : libro escrito con destino á las escuelas normales, primarias y de adultos para la enseñanza de la ortografía práctica, conforme á la última edición del diccionario de la Real Academia de la Lengua, 1900 :
- Información localizada: portada (D. José de Aragón y Herreros, profesor normal y maestro de Bilbao)
902 ## - CATALOGADOR
- Catalogador: MaríaRobles/060624
